000 00319 a2200157 4500
001 173922
020 _a
040 _cMagnum
100 _aColasanti, Marina
240 1 0 _aOfelia, a ovelha
_lpor
245 1 0 _aOfelia, a ovelha
362 0 _a1899
440 1 _aMelhoramentos
697 _aIJ/ANIMAIS
942 _cBK
999 _c173922
_d173922